[Event "NATO-ch 33rd"]
[Site "Portoroz"]
[Date "2023.09.07"]
[Round "6"]
[White "Mestek, Igor"]
[Black "Helbig, Mark"]
[Result "0-1"]
[WhiteElo "2125"]
[BlackElo "2307"]
[PlyCount "88"]
[EventDate "2023.09.04"]
[EventType "swiss"]
[EventRounds "7"]
[EventCountry "SLO"]
[SourceTitle "EXT 2024"]
[Source "ChessBase"]
[SourceDate "2023.10.10"]
[SourceVersion "1"]
[SourceVersionDate "2023.10.10"]
[SourceQuality "1"]

1. e4 c6 2. Nf3 d5 3. Nc3 dxe4 4. Nxe4 Nf6 5. Qe2 Nxe4 6. Qxe4 Nd7 7. Bc4 Nf6 8. Ne5 e6 9. Qe2 b5 10. Bb3 Qc7 11. 0-0 Bd6 12. d4 0-0 13. a4 c5 14. axb5 cxd4 15. Bf4 Bb7 16. Rfd1 Ne4 17. Nc6 Bxf4 18. Qxe4 a6 19. Bc4 axb5 20. Bxb5 Bxh2+ 21. Kh1 Rac8 22. Rxd4 Bxc6 23. Bxc6 Qxc6 24. Kxh2 Qxe4 25. Rxe4 Rxc2 26. Rb4 Rxf2 27. Rb7 g6 28. Kg3 Rf5 29. b4 Rd8 30. Raa7 Rdd5 31. Ra8+ Kg7 32. Rab8 Rd3+ 33. Kh2 Rd2 34. Rc7 Rg5 35. Rbb7 Rgxg2+ 36. Kh1 Rgf2 37. Kg1 h5 38. b5 h4 39. Rc3 Rb2 40. b6 Rfd2 41. Rc1 h3 42. Rb8 Rh2 43. b7 Rbg2+ 44. Kf1 Rh1# 0-1

[Event "NATO-ch 33rd"]
[Site "Portoroz"]
[Date "2023.09.04"]
[Round "1"]
[White "Helbig, Mark"]
[Black "Giedraitis, Mingaudas"]
[Result "1-0"]
[WhiteElo "2307"]
[BlackElo "1877"]
[PlyCount "57"]
[EventDate "2023.09.04"]
[EventType "swiss"]
[EventRounds "7"]
[EventCountry "SLO"]
[SourceTitle "EXT 2024"]
[Source "ChessBase"]
[SourceDate "2023.10.10"]
[SourceVersion "1"]
[SourceVersionDate "2023.10.10"]
[SourceQuality "1"]

1. c4 c6 2. Nf3 Nf6 3. g3 g6 4. Bg2 Bg7 5. 0-0 0-0 6. d4 d5 7. Ne5 Nbd7 8. f4 Ne4 9. Nc3 Nxe5 10. fxe5 Nxc3 11. bxc3 f6 12. exf6 Bxf6 13. cxd5 cxd5 14. Qb3 e6 15. Ba3 Be7 16. Rxf8+ Bxf8 17. Rf1 Bxa3 18. Qxa3 b6 19. Bh3 e5 20. Bxc8 Rxc8 21. dxe5 Qc7 22. Qd6 Qxd6 23. exd6 Rd8 24. Rf6 Rd7 25. g4 Kg7 26. g5 Rf7 27. Re6 Kf8 28. Kg2 Rf5 29. d7 1-0

[Event "World-chT Rapid"]
[Site "Dusseldorf"]
[Date "2023.08.28"]
[Round "10"]
[White "Hagner, Bennet"]
[Black "Helbig, Mark"]
[Result "0-1"]
[WhiteElo "2323"]
[BlackElo "2307"]
[PlyCount "65"]
[EventDate "2023.08.26"]
[EventType "team-swiss (rapid)"]
[EventRounds "12"]
[EventCountry "GER"]
[SourceTitle "CBM 215 Extra"]
[Source "ChessBase"]
[SourceDate "2023.09.30"]
[SourceVersion "1"]
[SourceVersionDate "2023.09.30"]
[SourceQuality "1"]
[WhiteTeam "Mitropa Chess Association"]
[BlackTeam "Neustadt Weinstrasse"]
[WhiteTeamCountry "GER"]
[BlackTeamCountry "GER"]

1. Nf3 Nf6 2. e3 d5 3. c4 dxc4 4. Bxc4 e6 5. 0-0 a6 6. b3 b5 7. Be2 Bb7 8. Bb2 Nbd7 9. d3 Be7 10. e4 c5 11. Nbd2 0-0 12. Qc2 Rc8 13. Rfd1 Qb6 14. h3 Rfd8 15. Rac1 Qc7 16. Qb1 Qf4 17. Nf1 Qh6 18. Ne3 Nh5 19. Bf1 f5 20. Nh2 Rf8 21. a4 Bd6 22. exf5 Qf4 23. Nhg4 exf5 24. g3 Nxg3 25. Ng2 Qg5 26. fxg3 fxg4 27. h4 Qd5 28. Qc2 Bxg3 29. axb5 Rf2 30. Rd2 Rcf8 31. bxa6 Ba8 32. Qc3 Qf7 33. Qc2 0-1

[Event "World-chT Rapid"]
[Site "Dusseldorf"]
[Date "2023.08.27"]
[Round "7.17"]
[White "Li, Yunqi"]
[Black "Helbig, Mark"]
[Result "0-1"]
[WhiteElo "1659"]
[BlackElo "2307"]
[PlyCount "107"]
[EventDate "2023.08.26"]
[EventType "team-swiss (rapid)"]
[EventRounds "12"]
[EventCountry "GER"]
[SourceTitle "CBM 215 Extra"]
[Source "ChessBase"]
[SourceDate "2023.09.30"]
[SourceVersion "1"]
[SourceVersionDate "2023.09.30"]
[SourceQuality "1"]
[WhiteTeam "Deutsche Schachjugend II"]
[BlackTeam "Neustadt Weinstrasse"]
[WhiteTeamCountry "GER"]
[BlackTeamCountry "GER"]

1. e4 c6 2. d4 d5 3. exd5 cxd5 4. c4 Nf6 5. Nc3 Nc6 6. Bg5 Ne4 7. Nxe4 dxe4 8. d5 Ne5 9. Qd4 f6 10. Bf4 Ng6 11. Bd2 Bf5 12. Ne2 e5 13. Qc3 a5 14. Ng3 Qc8 15. Nxf5 Qxf5 16. c5 Rc8 17. Bb5+ Kf7 18. d6 Nf4 19. Qb3+ Ne6 20. Be3 Rd8 21. Bc4 Rd7 22. 0-0 g5 23. Bxe6+ Qxe6 24. Qxe6+ Kxe6 25. a3 h6 26. b4 axb4 27. axb4 f5 28. b5 f4 29. Bd2 Bg7 30. Bb4 Rc8 31. Rac1 Bf8 32. Rfd1 g4 33. c6 bxc6 34. bxc6 Rxd6 35. Bxd6 Bxd6 36. Rd2 Rc7 37. h3 h5 38. h4 f3 39. g3 Bf8 40. Rd8 Bh6 41. Rc2 e3 42. fxe3 Bxe3+ 43. Kh2 Bb6 44. Rh8 e4 45. Rh6+ Kd5 46. Rxh5+ Kd4 47. Rb5 Kd3 48. Rc1 Kd2 49. Rc4 Kd3 50. Rc1 Kd2 51. Rc4 e3 52. Rd5+ Ke2 53. Rc2+ Ke1 54. Rc1+ 0-1

[Event "World-chT Rapid"]
[Site "Dusseldorf"]
[Date "2023.08.26"]
[Round "3.18"]
[White "Kraus, Sebastian"]
[Black "Helbig, Mark"]
[Result "0-1"]
[WhiteElo "1904"]
[BlackElo "2307"]
[PlyCount "64"]
[EventDate "2023.08.26"]
[EventType "team-swiss (rapid)"]
[EventRounds "12"]
[EventCountry "GER"]
[SourceTitle "CBM 215 Extra"]
[Source "ChessBase"]
[SourceDate "2023.09.30"]
[SourceVersion "1"]
[SourceVersionDate "2023.09.30"]
[SourceQuality "1"]
[WhiteTeam "Bayreuth Unischach"]
[BlackTeam "Neustadt Weinstrasse"]
[WhiteTeamCountry "GER"]
[BlackTeamCountry "GER"]

1. e4 c6 2. Nc3 d5 3. Nf3 dxe4 4. Nxe4 Bf5 5. Ng3 Bg4 6. h3 Bxf3 7. Qxf3 Nd7 8. d4 Ngf6 9. Be2 e6 10. 0-0 Bd6 11. Be3 Qc7 12. c4 0-0 13. Rfd1 c5 14. Ne4 Nxe4 15. Qxe4 Nf6 16. Qh4 cxd4 17. Bxd4 Be5 18. Rac1 Rfd8 19. Bf3 h6 20. b3 Rxd4 21. Rxd4 g5 22. Rg4 Bf4 23. Rd1 Kh7 24. Rxf4 gxh4 25. Rxf6 Kg7 26. Bxb7 Qxb7 27. Rf4 Qc7 28. Rg4+ Kh7 29. Rgd4 Rg8 30. Rd7 Qf4 31. R1d3 Rg7 32. Rxa7 Qe4 0-1

[Event "Oberliga NRW 2122"]
[Site "Germany"]
[Date "2022.04.03"]
[Round "5.2"]
[White "Helbig, Mark"]
[Black "Luft, Dennis"]
[Result "0-1"]
[WhiteElo "2266"]
[BlackElo "2310"]
[PlyCount "116"]
[EventDate "2021.10.31"]
[EventType "team-tourn"]
[EventRounds "9"]
[EventCountry "GER"]
[SourceTitle "EXT 2023"]
[Source "ChessBase"]
[SourceDate "2022.10.05"]
[SourceVersion "1"]
[SourceVersionDate "2022.10.05"]
[SourceQuality "1"]
[WhiteTeam "Koeln SF"]
[BlackTeam "Brackel"]
[WhiteTeamCountry "GER"]
[BlackTeamCountry "GER"]

1. d4 Nf6 2. c4 e6 3. Nf3 d5 4. g3 Be7 5. Bg2 0-0 6. 0-0 dxc4 7. Qc2 c6 8. a4 b6 9. Nbd2 Na6 10. Nxc4 Nb4 11. Qb3 Ba6 12. Bg5 Bxc4 13. Qxc4 Qd5 14. Rfc1 Qxc4 15. Rxc4 Rac8 16. Bd2 a5 17. Rac1 c5 18. Bxb4 axb4 19. Ne5 Nd5 20. Nd3 Bg5 21. f4 Bf6 22. dxc5 bxc5 23. Kh1 Bd4 24. a5 Ne3 25. Rxd4 cxd4 26. Rxc8 Rxc8 27. Bb7 Rc2 28. a6 Rd2 29. h4 Nc4 30. a7 Nb6 31. a8Q+ Nxa8 32. Bxa8 Rxe2 33. Nxb4 Rxb2 34. Nd3 Rb3 35. Nf2 Rxg3 36. Be4 f5 37. Kh2 Re3 38. Bc6 d3 39. Kg2 d2 40. Bf3 Kf7 41. Nd1 Re1 42. Kf2 e5 43. fxe5 Ke6 44. Ne3 g6 45. Be2 h5 46. Nd1 Kxe5 47. Ke3 Rh1 48. Nf2 f4+ 49. Kxd2 Rxh4 50. Bf3 g5 51. Bb7 Kd4 52. Ke2 g4 53. Kf1 g3 54. Ne4 Rh1+ 55. Kg2 Rh2+ 56. Kf3 Rb2 57. Kxf4 g2 58. Ng5 Rf2+ 0-1

[Event "NATO-ch 31st"]
[Site "Blankenberge"]
[Date "2021.10.14"]
[Round "5.4"]
[White "Papasimakopoulos, Alexandros"]
[Black "Helbig, Mark"]
[Result "1-0"]
[WhiteElo "2248"]
[BlackElo "2291"]
[PlyCount "127"]
[EventDate "2021.10.11"]
[EventType "team-swiss"]
[EventRounds "7"]
[EventCountry "BEL"]
[SourceTitle "CBM 204 Extra"]
[Source "ChessBase"]
[SourceDate "2021.11.30"]
[SourceVersion "1"]
[SourceVersionDate "2021.11.30"]
[SourceQuality "1"]
[WhiteTeam "Greece"]
[BlackTeam "Germany"]
[WhiteTeamCountry "GRE"]
[BlackTeamCountry "GER"]

1. d4 Nf6 2. c4 g6 3. Nc3 Bg7 4. Bg5 c5 5. d5 h6 6. Bf4 Qa5 7. Qd2 g5 8. Bg3 Nh5 9. e3 d6 10. Be2 Nxg3 11. hxg3 Na6 12. f4 Bd7 13. Nf3 0-0-0 14. Nb5 Qxd2+ 15. Kxd2 gxf4 16. gxf4 Bxb5 17. cxb5 Nc7 18. Rh5 Bxb2 19. Rah1 Bg7 20. e4 Ne8 21. R5h4 Nf6 22. Ke3 Rhe8 23. g4 e6 24. g5 hxg5 25. fxg5 Nd7 26. Rh7 Rg8 27. Bc4 Nb6 28. Kd3 exd5 29. Bxd5 Nxd5 30. exd5 Rde8 31. R1h4 Re7 32. Rf4 Kd8 33. Nh4 Be5 34. Rfxf7 Rxf7 35. Rxf7 Rxg5 36. Rxb7 c4+ 37. Kc2 Bd4 38. a4 Rg4 39. Nf3 Rg2+ 40. Kd1 Bc5 41. a5 c3 42. Ne1 Rd2+ 43. Kc1 Ba3+ 44. Kb1 Rb2+ 45. Ka1 Re2 46. Nd3 Rd2 47. b6 axb6 48. a6 Kc8 49. Rxb6 Kc7 50. Rb7+ Kc8 51. Rb3 Bc5 52. Nxc5 c2 53. Kb2 c1Q+ 54. Kxc1 Ra2 55. Ne4 Rxa6 56. Kc2 Kc7 57. Kd3 Ra5 58. Nc3 Ra1 59. Rb4 Rh1 60. Rc4+ Kd7 61. Rc6 Rh6 62. Ra6 Rg6 63. Ra7+ Kd8 64. Ke4 1-0

[Event "NATO-ch 31st"]
[Site "Blankenberge"]
[Date "2021.10.12"]
[Round "2.5"]
[White "Helbig, Mark"]
[Black "Nikomanis, Andreas"]
[Result "1-0"]
[WhiteElo "2291"]
[BlackElo "2047"]
[PlyCount "71"]
[EventDate "2021.10.11"]
[EventType "team-swiss"]
[EventRounds "7"]
[EventCountry "BEL"]
[SourceTitle "CBM 204 Extra"]
[Source "ChessBase"]
[SourceDate "2021.11.30"]
[SourceVersion "1"]
[SourceVersionDate "2021.11.30"]
[SourceQuality "1"]
[WhiteTeam "Germany"]
[BlackTeam "Greece"]
[WhiteTeamCountry "GER"]
[BlackTeamCountry "GRE"]

1. d4 Nf6 2. c4 g6 3. g3 Bg7 4. Bg2 0-0 5. Nf3 d6 6. 0-0 Nbd7 7. h3 e5 8. Nc3 c6 9. dxe5 Nxe5 10. Nxe5 dxe5 11. Be3 Be6 12. Qa4 Qe7 13. Rfd1 Nd7 14. Ne4 Nb6 15. Qc2 Bf5 16. g4 Bxe4 17. Bxe4 Qh4 18. Kg2 f5 19. gxf5 gxf5 20. Bxf5 e4 21. Qxe4 Qxe4+ 22. Bxe4 Nxc4 23. Bd4 Rae8 24. Bxg7 Kxg7 25. Rd7+ Rf7 26. Rxf7+ Kxf7 27. f3 h6 28. Rc1 Nd6 29. Bd3 Re5 30. f4 Ra5 31. a3 c5 32. e4 b6 33. e5 Nb5 34. Kf3 Nd4+ 35. Ke4 Nb3 36. Bc4+ 1-0

[Event "NATO-ch 31st"]
[Site "Blankenberge"]
[Date "2021.10.12"]
[Round "3.4"]
[White "Kedzierski, Slawomir"]
[Black "Helbig, Mark"]
[Result "1/2-1/2"]
[WhiteElo "2166"]
[BlackElo "2291"]
[PlyCount "119"]
[EventDate "2021.10.11"]
[EventType "team-swiss"]
[EventRounds "7"]
[EventCountry "BEL"]
[SourceTitle "CBM 204 Extra"]
[Source "ChessBase"]
[SourceDate "2021.11.30"]
[SourceVersion "1"]
[SourceVersionDate "2021.11.30"]
[SourceQuality "1"]
[WhiteTeam "NATO II"]
[BlackTeam "Germany"]
[BlackTeamCountry "GER"]

1. d4 Nf6 2. c4 g6 3. Nc3 Bg7 4. e4 d6 5. Be2 0-0 6. Nf3 Nbd7 7. 0-0 e5 8. d5 Nc5 9. Qc2 a5 10. Nd2 a4 11. Rb1 Ne8 12. b4 axb3 13. axb3 f5 14. b4 Nxe4 15. Ndxe4 fxe4 16. Nxe4 Bf5 17. Bd3 Bxe4 18. Bxe4 Nf6 19. Bg5 Qd7 20. Ra1 Nxe4 21. Qxe4 Qf5 22. Qe3 Rxa1 23. Rxa1 h6 24. Bh4 Qg4 25. Bg3 Qxc4 26. Qd2 e4 27. Rc1 Qd3 28. Bf4 Qxd2 29. Bxd2 Rf5 30. Rxc7 Rxd5 31. Rc2 Bc3 32. Rxc3 Rxd2 33. Kf1 b5 34. Rc8+ Kf7 35. Rb8 Rb2 36. Rxb5 Ke6 37. h4 h5 38. Rg5 Rxb4 39. Rxg6+ Ke5 40. Rg5+ Kd4 41. Rxh5 Rb1+ 42. Ke2 Rb2+ 43. Ke1 d5 44. g3 Kc4 45. Kf1 d4 46. Re5 Kd3 47. h5 e3 48. fxe3 dxe3 49. g4 Rb1+ 50. Kg2 e2 51. h6 Rb6 52. g5 Rb5 53. Re7 Rxg5+ 54. Kf3 Rf5+ 55. Kg4 Rf7 56. Re8 Rf1 57. Kg5 e1Q 58. Rxe1 Rxe1 59. h7 Rh1 60. Kg6 1/2-1/2

[Event "Oberliga NRW 1819"]
[Site "Germany"]
[Date "2019.04.14"]
[Round "8.3"]
[White "Strijbos, Maarten"]
[Black "Helbig, Mark"]
[Result "0-1"]
[WhiteElo "2325"]
[BlackElo "2352"]
[PlyCount "108"]
[EventDate "2018.09.16"]
[EventType "team-tourn"]
[EventRounds "9"]
[EventCountry "GER"]
[SourceTitle "EXT 2020"]
[Source "ChessBase"]
[SourceDate "2019.10.17"]
[SourceVersion "1"]
[SourceVersionDate "2019.10.17"]
[SourceQuality "1"]
[WhiteTeam "Dinslaken"]
[BlackTeam "Koeln SF"]
[WhiteTeamCountry "GER"]
[BlackTeamCountry "GER"]

1. e4 c6 2. Nc3 d5 3. Nf3 dxe4 4. Nxe4 Bf5 5. Ng3 Bg4 6. h3 Bxf3 7. Qxf3 Nd7 8. d4 Ngf6 9. Bd3 e6 10. 0-0 Be7 11. b3 0-0 12. Bb2 Re8 13. Rfe1 Qc7 14. a3 Nf8 15. c4 Rad8 16. Rad1 Rd7 17. h4 Red8 18. h5 h6 19. Ne2 Qa5 20. Nf4 Bd6 21. d5 e5 22. b4 Qa4 23. dxc6 Qxc6 24. Nd5 Nxd5 25. cxd5 Qc7 26. Rc1 Qb6 27. Qe4 a5 28. b5 Bc5 29. Qf3 Bd4 30. Bxd4 exd4 31. Re5 Qd6 32. Rce1 Qc5 33. g4 b6 34. a4 Qb4 35. Qf5 Rxd5 36. Kg2 Qxe1 37. Rxd5 Qe7 38. Re5 Qf6 39. Qe4 g6 40. f4 Ne6 41. Kg3 Nc5 42. Qe2 g5 43. fxg5 Qd6 44. Kh4 Nxd3 45. Rf5 Nf4 46. Qd2 hxg5+ 47. Rxg5+ Kf8 48. Rf5 Qe7+ 49. Kg3 Ne6 50. g5 Qa3+ 51. Rf3 Qd6+ 52. Kg4 Qb4 53. Qd3 Qc5 54. Rf5 Rd5 0-1

[Event "Oberliga NRW 1819"]
[Site "Germany"]
[Date "2019.02.17"]
[Round "6.3"]
[White "Helbig, Mark"]
[Black "Andreev, Eduard"]
[Result "0-1"]
[WhiteElo "2352"]
[BlackElo "2427"]
[PlyCount "98"]
[EventDate "2018.09.16"]
[EventType "team-tourn"]
[EventRounds "9"]
[EventCountry "GER"]
[SourceTitle "EXT 2020"]
[Source "ChessBase"]
[SourceDate "2019.10.17"]
[SourceVersion "1"]
[SourceVersionDate "2019.10.17"]
[SourceQuality "1"]
[WhiteTeam "Koeln SF"]
[BlackTeam "Siegburg"]
[WhiteTeamCountry "GER"]
[BlackTeamCountry "GER"]

1. d4 Nf6 2. c4 e6 3. Nf3 b6 4. g3 Bb4+ 5. Bd2 a5 6. Bg2 Bb7 7. a3 Bxd2+ 8. Nbxd2 0-0 9. Nf1 a4 10. Ne3 d6 11. 0-0 Nbd7 12. Qc2 Be4 13. Qc3 Qe7 14. Rad1 Rfb8 15. Bh3 h6 16. Nd2 Bb7 17. Bg2 Bxg2 18. Kxg2 Ra7 19. Rc1 c5 20. d5 exd5 21. cxd5 g6 22. Qc4 b5 23. Qf4 Kg7 24. Rfd1 Re8 25. Kg1 Ne5 26. Nf3 Nh5 27. Qe4 f5 28. Qc2 f4 29. Ng2 Qf6 30. Nxe5 Qxe5 31. gxf4 Nxf4 32. Nxf4 Qxf4 33. Rd3 Rf7 34. Rf3 Qg4+ 35. Rg3 Qf5 36. f3 Re3 37. Kf2 Rb3 38. Qd2 Qf4 39. Qc2 g5 40. Rd1 Qe5 41. Rd2 Rf4 42. Kg2 b4 43. e4 bxa3 44. bxa3 Rxa3 45. Rd3 Rxd3 46. Qxd3 Qb2+ 47. Kh1 Rf7 48. Rg2 Qb3 49. Qa6 Qd1+ 0-1

[Event "Oberliga NRW 1819"]
[Site "Germany"]
[Date "2019.01.13"]
[Round "5.3"]
[White "Schiffer, Kai Uwe"]
[Black "Helbig, Mark"]
[Result "1/2-1/2"]
[WhiteElo "2283"]
[BlackElo "2352"]
[PlyCount "114"]
[EventDate "2018.09.16"]
[EventType "team-tourn"]
[EventRounds "9"]
[EventCountry "GER"]
[SourceTitle "EXT 2020"]
[Source "ChessBase"]
[SourceDate "2019.10.17"]
[SourceVersion "1"]
[SourceVersionDate "2019.10.17"]
[SourceQuality "1"]
[WhiteTeam "Wattenscheid"]
[BlackTeam "Koeln SF"]
[WhiteTeamCountry "GER"]
[BlackTeamCountry "GER"]

1. e4 c6 2. d4 d5 3. e5 Bf5 4. h4 h5 5. Bd3 Bxd3 6. Qxd3 e6 7. Bg5 Ne7 8. Nf3 Qa5+ 9. Nbd2 Qa6 10. c4 Nf5 11. 0-0 Nd7 12. Qc3 Be7 13. Bxe7 Nxe7 14. Ng5 Nf5 15. Rfe1 Rd8 16. Ngf3 0-0 17. b3 Qa3 18. c5 b6 19. cxb6 axb6 20. Qxc6 Qb4 21. a3 Nxd4 22. Nxd4 Qxd4 23. Nf3 Qc5 24. Rec1 Qxc6 25. Rxc6 Kh7 26. a4 Kg6 27. Rd6 Nc5 28. Rxb6 Rb8 29. Rxb8 Rxb8 30. a5 Nxb3 31. Rb1 Rb5 32. a6 Nd4 33. Rxb5 Nxb5 34. Nd4 Na7 35. f4 Kh7 36. Kf2 Kg8 37. f5 exf5 38. Nxf5 Kf8 39. Ke3 g6 40. Nd6 Ke7 41. Kd4 Ke6 42. Kc5 Kxe5 43. Nxf7+ Ke6 44. Kb6 Kxf7 45. Kxa7 d4 46. Kb6 d3 47. a7 d2 48. a8Q d1Q 49. Qb7+ Kf6 50. Qc6+ Ke5 51. Qxg6 Qd4+ 52. Kc6 Qa4+ 53. Kc5 Qd4+ 54. Kc6 Qxh4 55. Qd6+ Kf5 56. Qd5+ Kg6 57. Qg8+ Kh6 1/2-1/2

[Event "NATO-ch 29th"]
[Site "Lubbock"]
[Date "2018.06.04"]
[Round "1"]
[White "Wells, Daniel J"]
[Black "Helbig, Mark"]
[Result "0-1"]
[WhiteElo "2014"]
[BlackElo "2361"]
[PlyCount "79"]
[EventDate "2018.06.04"]
[EventType "swiss"]
[EventRounds "7"]
[EventCountry "USA"]
[SourceTitle "EXT 2019"]
[Source "ChessBase"]
[SourceDate "2018.10.10"]
[SourceVersion "1"]
[SourceVersionDate "2018.10.10"]
[SourceQuality "1"]

1. e4 d5 2. exd5 Qxd5 3. Nc3 Qd6 4. d4 Nf6 5. Nf3 c6 6. Be2 Bf5 7. 0-0 e6 8. Bg5 Nbd7 9. Qd2 Qc7 10. Nh4 Bg6 11. Rfe1 Bd6 12. h3 0-0 13. Nxg6 hxg6 14. Bc4 a6 15. Ne4 Nd5 16. Nxd6 Qxd6 17. c3 Rfe8 18. Rad1 b5 19. Bd3 c5 20. dxc5 Qxc5 21. Be4 N7b6 22. Qd4 Rac8 23. Qxc5 Rxc5 24. Bh4 Rec8 25. Bg3 Nc4 26. Re2 a5 27. Rd4 a4 28. Rc2 b4 29. cxb4 Nxb4 30. Re2 Nxa2 31. Bb7 Nc1 32. Rc2 Nb3 33. Rd7 Nb6 34. Rxc5 Rxc5 35. Rd8+ Kh7 36. Bd6 Rc1+ 37. Kh2 Rc2 38. Be5 Rxf2 39. Ba6 f6 40. Bc7 0-1

[Event "BL2-West 1718"]
[Site "Germany"]
[Date "2017.11.12"]
[Round "3.4"]
[White "Piceu, Tom"]
[Black "Helbig, Mark"]
[Result "1/2-1/2"]
[WhiteElo "2356"]
[BlackElo "2357"]
[PlyCount "100"]
[EventDate "2017.10.08"]
[EventType "team-tourn"]
[EventRounds "9"]
[EventCountry "GER"]
[SourceTitle "CBM 183 Extra"]
[Source "ChessBase"]
[SourceDate "2018.04.19"]
[SourceVersion "1"]
[SourceVersionDate "2018.04.19"]
[SourceQuality "1"]
[WhiteTeam "Aachen SV"]
[BlackTeam "Koeln SF"]
[WhiteTeamCountry "GER"]
[BlackTeamCountry "GER"]

1. d4 g6 2. c4 Bg7 3. Nc3 d6 4. e4 e5 5. d5 Nf6 6. Bd3 0-0 7. Nge2 a5 8. 0-0 Na6 9. a3 Bd7 10. Rb1 Nc5 11. Bc2 a4 12. Be3 b6 13. f3 Qe8 14. Qd2 Kh8 15. Bxc5 bxc5 16. b4 axb3 17. Rxb3 Ng8 18. Ra1 Bh6 19. Qd3 Qe7 20. Nb5 Bc8 21. a4 f5 22. Nec3 Rf7 23. a5 Qh4 24. Qe2 Nf6 25. a6 fxe4 26. Nxe4 Nxe4 27. Bxe4 Rxa6 28. Rba3 Rxa3 29. Rxa3 Bf5 30. g3 Qd8 31. Ra7 Bh3 32. Kf2 Kg7 33. Qd3 Qg5 34. Rxc7 Rxc7 35. Nxc7 Qc1 36. Ne6+ Kf6 37. f4 exf4 38. gxf4 Bxe6 39. dxe6 Qxf4+ 40. Qf3 Kxe6 41. Bd5+ Ke5 42. Qxf4+ Bxf4 43. h3 h5 44. Kf3 Bc1 45. Bf7 Kf6 46. Bd5 g5 47. Bg8 Kf5 48. Bf7 g4+ 49. hxg4+ hxg4+ 50. Kg2 Bf4 1/2-1/2

[Event "NATO-ch 28th"]
[Site "Budapest"]
[Date "2017.03.28"]
[Round "3"]
[White "Helbig, Mark"]
[Black "Krainski, Slawomir"]
[Result "1-0"]
[WhiteElo "2342"]
[BlackElo "2096"]
[PlyCount "59"]
[EventDate "2017.03.27"]
[EventType "swiss"]
[EventRounds "7"]
[EventCountry "HUN"]
[SourceTitle "CBM 177 Extra"]
[Source "ChessBase"]
[SourceDate "2017.04.27"]
[SourceVersion "1"]
[SourceVersionDate "2017.04.27"]
[SourceQuality "1"]

1. d4 f5 2. g3 Nf6 3. Bg2 g6 4. c4 Bg7 5. Nf3 0-0 6. Nc3 d6 7. 0-0 Nc6 8. b3 e5 9. dxe5 dxe5 10. Ba3 e4 11. Bxf8 Qxf8 12. Nd4 Nxd4 13. Qxd4 Be6 14. Qd2 Ng4 15. Qc2 h5 16. Rad1 h4 17. Bh3 Ne5 18. Nxe4 Qe7 19. Nd2 hxg3 20. hxg3 Kf7 21. Nf3 Nc6 22. e4 Qf6 23. exf5 gxf5 24. Rfe1 Rh8 25. Qe2 Bc8 26. c5 Rd8 27. Rxd8 Qxd8 28. Nh4 Nd4 29. Qh5+ Kf8 30. Bxf5 1-0

[Event "NATO-ch 27th"]
[Site "Shrivenham"]
[Date "2016.08.26"]
[Round "7"]
[White "Kedzierski, Slawomir"]
[Black "Helbig, Mark"]
[Result "0-1"]
[WhiteElo "2034"]
[BlackElo "2311"]
[PlyCount "174"]
[EventDate "2016.08.22"]
[EventType "swiss"]
[EventRounds "7"]
[EventCountry "ENG"]
[SourceTitle "EXT 2018"]
[Source "ChessBase"]
[SourceDate "2017.10.13"]
[SourceVersion "1"]
[SourceVersionDate "2017.10.13"]
[SourceQuality "1"]

1. d4 Nf6 2. Nf3 g6 3. c4 Bg7 4. Nc3 0-0 5. e4 d6 6. Be2 Na6 7. 0-0 e5 8. d5 Nc5 9. Nd2 a5 10. b3 Ne8 11. Bb2 f5 12. exf5 Bxf5 13. Nf3 Nf6 14. Ne1 Qe7 15. a3 a4 16. b4 Nb3 17. Ra2 Qd7 18. Nd3 h5 19. f3 Bh6 20. Nf2 h4 21. b5 Nc5 22. Bc1 Qh7 23. Bxh6 Qxh6 24. Rb2 b6 25. Rb4 Nh5 26. Qc1 Nf4 27. g3 hxg3 28. hxg3 Qg5 29. Ng4 Bxg4 30. gxf4 Rxf4 31. fxg4 Rxf1+ 32. Qxf1 Qe3+ 33. Kg2 Qxc3 34. Qf6 Qg3+ 35. Kxg3 Ne4+ 36. Kf3 Nxf6 37. Bd1 Nd7 38. Rxa4 Rf8+ 39. Ke3 Rf4 40. Be2 Nc5 41. Ra7 Rf7 42. g5 Rf5 43. Rxc7 Rxg5 44. Rc6 Rg3+ 45. Kf2 Rxa3 46. Rxb6 Kf7 47. Kf1 Ke7 48. Rc6 e4 49. Kf2 Rb3 50. Bf1 g5 51. Be2 e3+ 52. Kf3 Nd7 53. Ke4 Nf6+ 54. Kd4 g4 55. Rc7+ Kf8 56. Ra7 Rb1 57. Kxe3 g3 58. Bf3 Ng4+ 59. Kf4 Ne5 60. Be4 Rb3 61. Ra2 Nxc4 62. Rg2 Ne5 63. Rxg3 Rxb5 64. Ra3 Rb7 65. Ra6 Ke7 66. Kf5 Nd7 67. Ra1 Rb2 68. Ra7 Rb4 69. Bf3 Rb6 70. Bg4 Kd8 71. Ke6 Nc5+ 72. Kf7 Rb7+ 73. Rxb7 Nxb7 74. Ke6 Kc7 75. Bf3 Nc5+ 76. Ke7 Nb7 77. Ke6 Kb6 78. Kd7 Kc5 79. Kc7 Na5 80. Kd7 Nc4 81. Ke6 Ne3 82. Be4 Nf1 83. Bf3 Nd2 84. Bg2 Nc4 85. Bf3 Na5 86. Bg2 Nb3 87. Bf3 Nd4+ 0-1

[Event "Oberliga NRW 1516"]
[Site "Germany"]
[Date "2016.03.06"]
[Round "7.4"]
[White "Soukup, Jiri"]
[Black "Helbig, Mark"]
[Result "0-1"]
[WhiteElo "2308"]
[BlackElo "2268"]
[PlyCount "76"]
[EventDate "2015.09.27"]
[EventType "team-tourn"]
[EventRounds "9"]
[EventCountry "GER"]
[SourceTitle "EXT 2017"]
[Source "ChessBase"]
[SourceDate "2016.10.25"]
[SourceVersion "1"]
[SourceVersionDate "2016.10.25"]
[SourceQuality "1"]
[WhiteTeam "Letmathe"]
[BlackTeam "Koeln SF"]
[WhiteTeamCountry "GER"]
[BlackTeamCountry "GER"]

1. e4 c6 2. d4 d5 3. e5 Bf5 4. h4 h5 5. Bd3 Bxd3 6. Qxd3 e6 7. Bg5 Qa5+ 8. Nd2 Qa6 9. Qe3 Ne7 10. Ne2 Nf5 11. Qc3 Nd7 12. Ng3 Nxg3 13. Qxg3 c5 14. Qf4 cxd4 15. Rh3 f6 16. exf6 gxf6 17. Bxf6 e5 18. Bxe5 Qe6 19. Nf3 Bd6 20. Kf1 Nxe5 21. Re1 0-0-0 22. Nxe5 Rhe8 23. Qxd4 Bxe5 24. Qxa7 Qc6 25. Rd3 d4 26. Qa8+ Bb8 27. Qa5 Rxe1+ 28. Qxe1 Rg8 29. Rf3 Re8 30. Qd1 Qb5+ 31. Rd3 Qe5 32. g3 Qf5 33. Kg2 Rf8 34. Qf3 Qc5 35. Qe4 Be5 36. b4 Qxc2 37. Qd5 Qxf2+ 38. Kh3 Qf1+ 0-1